|
|
|
|
| LEADER |
01398nam a22003494a 4500 |
| 001 |
EBC117426 |
| 003 |
MiAaPQ |
| 005 |
20200520144314.0 |
| 006 |
m o d | |
| 007 |
cr cn||||||||| |
| 008 |
000815s2001 caua sb 001 0 eng |
| 010 |
|
|
|z 00010812
|
| 020 |
|
|
|z 0787953008 (acid-free paper)
|
| 035 |
|
|
|a (MiAaPQ)EBC117426
|
| 035 |
|
|
|a (Au-PeEL)EBL117426
|
| 035 |
|
|
|a (CaPaEBR)ebr10001659
|
| 035 |
|
|
|a (CaONFJC)MIL35087
|
| 035 |
|
|
|a (OCoLC)174074910
|
| 040 |
|
|
|a MiAaPQ
|c MiAaPQ
|d MiAaPQ
|
| 050 |
|
4 |
|a HD69.C6
|b F737 2001
|
| 082 |
0 |
4 |
|a 001/.068
|2 21
|
| 100 |
1 |
|
|a Freedman, Arthur M.,
|d 1937-
|
| 245 |
1 |
0 |
|a Finding your way in the consulting jungle
|h [electronic resource] :
|b a guidebook for organization development practitioners /
|c Arthur M. Freedman, Richard E. Zackrison ; foreword by Richard Beckhard.
|
| 260 |
|
|
|a San Francisco :
|b Jossey-Bass/Pfeiffer,
|c c2001.
|
| 300 |
|
|
|a xxi, 249 p. :
|b ill.
|
| 504 |
|
|
|a Includes bibliographical references (p. 197-220) and index.
|
| 533 |
|
|
|a Electronic reproduction. Ann Arbor, MI : ProQuest, 2015. Available via World Wide Web. Access may be limited to ProQuest affiliated libraries.
|
| 650 |
|
0 |
|a Business consultants.
|
| 655 |
|
4 |
|a Electronic books.
|
| 700 |
1 |
|
|a Zackrison, Richard E.
|
| 710 |
2 |
|
|a ProQuest (Firm)
|
| 856 |
4 |
0 |
|u https://ebookcentral.proquest.com/lib/matrademy/detail.action?docID=117426
|z Click to View
|